000 00355nam a2200145Ia 4500
008 230917s9999||||xx |||||||||||||| ||und||
040 _e45179
_aMAIN
041 _aEnglish
082 _a339.2 J63T
100 _aJohnson, Harry G
245 4 _aThe theory of income distribution
260 _aLondon
_bGray-Mills
_c1973
300 _a291 p.
942 _cBK
999 _c192564
_d192564